000 00222nam a2200097Ia 4500
001 650060
005 20250826154352.0
008 250824s9999 xx 000 0 und d
245 0 _aORTAOKUL
_cJAMES PATTERSON
260 _bALTIN
999 _c650060
_d650060